A Study Of Job Satisfaction (Record no. 79963)
[ view plain ]
| 000 -LEADER | |
|---|---|
| fixed length control field | 00412nam a2200145Ia 4500 |
| 008 - FIXED-LENGTH DATA ELEMENTS--GENERAL INFORMATION | |
| fixed length control field | 221007s9999 xx 000 0 und d |
| 041 ## - LANGUAGE CODE | |
| Language code of text/sound track or separate title | eng |
| 082 ## - DEWEY DECIMAL CLASSIFICATION NUMBER | |
| Item number | GAU |
| 100 ## - MAIN ENTRY--PERSONAL NAME | |
| Personal name | Gauri Deshpande - 2k161013; Prof. Pranita Sonar - Guide & Parag Agencies |
| 9 (RLIN) | 105063 |
| 245 #2 - TITLE STATEMENT | |
| Title | A Study Of Job Satisfaction |
| 260 ## - PUBLICATION, DISTRIBUTION, ETC. (IMPRINT) | |
| Date of publication, distribution, etc. | 2016 |
| Name of publisher, distributor, etc. | Savitribai Phule Pune University |
| Place of publication, distribution, etc. | Pune |
| 300 ## - PHYSICAL DESCRIPTION | |
| Extent | 63p |
| 440 ## - SERIES STATEMENT/ADDED ENTRY--TITLE | |
| Volume/sequential designation | 1 |
| 906 ## - LOCAL DATA ELEMENT F, LDF (RLIN) | |
| b | General |
| Withdrawn status | Lost status | Damaged status | Not for loan | Home library | Current library | Date acquired | Vendor | Total Checkouts | Full call number | Barcode | Date last seen | Bill Date | Koha item type | Original Barcode |
|---|---|---|---|---|---|---|---|---|---|---|---|---|---|---|
| Smt. Hiraben Nanavati Institute of Management & Research for Women | Smt. Hiraben Nanavati Institute of Management & Research for Women | 17/07/2018 | HNIMR | GAU | HIMR-PR-663 | 07/10/2022 | 18/01/2018 | Project Reports | PR0663 |